| 000 | 00770cam a22002054a 4500 | ||
|---|---|---|---|
| 005 | 20250605163921.0 | ||
| 008 | 250528s ||||||||||||||||||||||||d | ||
| 035 | _a14399 | ||
| 020 | _a9603014990 | ||
| 040 |
_aGR-AtMCL _bgre _dGR-AtMCL _eAACR2 |
||
| 245 | 1 | _aGreek Company Law / Partnerships and Corporations | |
| 250 | _a3rd | ||
| 260 |
_bSakkoulas Publications, _c2001 |
||
| 300 | _a240 | ||
| 520 | _aAn Introduction to Greek Commercial Law, Company Law, Introduction, Classification of Companies, Commercial Partnerships, Company with Limited Liability (''E.P.E.''), Company Limited by Shares (Anonymous Etairia ''A.E.''), Companies Governed by Special Legislation. | ||
| 700 | 1 |
_aKotsiris Lambros E _943 |
|
| 942 | _cBK | ||
| 999 |
_c33 _d33 |
||